<?xml version="1.0" encoding="UTF-8"?>
<record
    xmlns:xsi="http://www.w3.org/2001/XMLSchema-instance"
    xsi:schemaLocation="http://www.loc.gov/MARC21/slim http://www.loc.gov/standards/marcxml/schema/MARC21slim.xsd"
    xmlns="http://www.loc.gov/MARC21/slim">

  <leader>02026nam a2200313 a 4500</leader>
  <controlfield tag="001">77911</controlfield>
  <controlfield tag="003">BD-RjUL</controlfield>
  <controlfield tag="005">20211209083049.0</controlfield>
  <controlfield tag="008">210209s    2009bg a|||| m||| 00| 0 ben d</controlfield>
  <datafield tag="035" ind1=" " ind2=" ">
    <subfield code="a">(BD-RjUL)78137</subfield>
  </datafield>
  <datafield tag="040" ind1=" " ind2=" ">
    <subfield code="a">BD-RjUL</subfield>
    <subfield code="b">ben / eng</subfield>
    <subfield code="c">BD-RjUL</subfield>
    <subfield code="d">BD-RjUL</subfield>
  </datafield>
  <datafield tag="041" ind1=" " ind2=" ">
    <subfield code="a">ben</subfield>
  </datafield>
  <datafield tag="082" ind1=" " ind2=" ">
    <subfield code="a">700.07105492</subfield>
    <subfield code="b">TAB 2009</subfield>
    <subfield code="2">23</subfield>
  </datafield>
  <datafield tag="100" ind1=" " ind2=" ">
    <subfield code="a">&#x9A4;&#x9BE;&#x9A8;&#x9AC;&#x9BF;&#x9A8;, &#x9B6;&#x9C7;&#x996;</subfield>
    <subfield code="9">244647</subfield>
  </datafield>
  <datafield tag="245" ind1="1" ind2="0">
    <subfield code="a">&#x9AC;&#x9BE;&#x982;&#x9B2;&#x9BE;&#x9A6;&#x9C7;&#x9B6;&#x9C7;&#x9B0; &#x9AA;&#x9CD;&#x9B0;&#x9BE;&#x9A5;&#x9AE;&#x9BF;&#x995; &#x993; &#x9AE;&#x9BE;&#x9A7;&#x9CD;&#x9AF;&#x9AE;&#x9BF;&#x995; &#x9B8;&#x9CD;&#x9A4;&#x9B0;&#x9C7;&#x9B0; &#x9B6;&#x9BF;&#x995;&#x9CD;&#x9B7;&#x9BE; &#x9AC;&#x9CD;&#x9AF;&#x9AC;&#x9B8;&#x9CD;&#x9A5;&#x9BE;&#x9AF;&#x9BC; &#x99A;&#x9BE;&#x9B0;&#x9C1;&#x995;&#x9B2;&#x9BE; :</subfield>
    <subfield code="b">&#x9B8;&#x9AE;&#x9B8;&#x9CD;&#x9AF;&#x9BE; &#x993; &#x9B8;&#x9AE;&#x9CD;&#x9AD;&#x9BE;&#x9AC;&#x9A8;&#x9BE; /</subfield>
    <subfield code="c">&#x9B6;&#x9C7;&#x996; &#x9A4;&#x9BE;&#x9A8;&#x9AC;&#x9BF;&#x9A8; ;</subfield>
    <subfield code="6">&#x9A4;&#x9A4;&#x9CD;&#x9A4;&#x9CD;&#x9AC;&#x9BE;&#x9AC;&#x9A7;&#x9BE;&#x9AF;&#x9BC;&#x995; : &#x9AC;&#x9BF;&#x9B2;&#x995;&#x9BF;&#x9B8; &#x9AC;&#x9C7;&#x997;&#x9AE;</subfield>
  </datafield>
  <datafield tag="260" ind1=" " ind2=" ">
    <subfield code="a">&#x9B0;&#x9BE;&#x99C;&#x9B6;&#x9BE;&#x9B9;&#x9C0; :</subfield>
    <subfield code="b">&#x99A;&#x9BE;&#x9B0;&#x9C1;&#x995;&#x9B2;&#x9BE; &#x9AC;&#x9BF;&#x9AD;&#x9BE;&#x997;, &#x9B0;&#x9BE;&#x99C;&#x9B6;&#x9BE;&#x9B9;&#x9C0; &#x9AC;&#x9BF;&#x9B6;&#x9CD;&#x9AC;&#x9AC;&#x9BF;&#x9A6;&#x9CD;&#x9AF;&#x9BE;&#x9B2;&#x9AF;&#x9BC;,</subfield>
    <subfield code="c">&#x9E8;&#x9E6;&#x9E6;&#x9EF;</subfield>
  </datafield>
  <datafield tag="300" ind1=" " ind2=" ">
    <subfield code="a">xxi, &#x9E9;&#x9EC;&#x9E8; &#x9AA;&#x9BE;&#x9A4;&#x9BE; :</subfield>
    <subfield code="b">&#x99A;&#x9BF;&#x98F; ;</subfield>
    <subfield code="c">&#x9E8;&#x9EF; &#x9B8;&#x9C7;&#x9AE;&#x9BF;. </subfield>
  </datafield>
  <datafield tag="502" ind1=" " ind2=" ">
    <subfield code="a">&#x9A5;&#x9BF;&#x9B8;&#x9BF;&#x9B8; (&#x9AA;&#x9BF;&#x98F;&#x987;&#x99A;, &#x9A1;&#x9BF;.) -- &#x99A;&#x9BE;&#x9B0;&#x9C1;&#x995;&#x9B2;&#x9BE; &#x9AC;&#x9BF;&#x9AD;&#x9BE;&#x997;, &#x9B0;&#x9BE;&#x99C;&#x9B6;&#x9BE;&#x9B9;&#x9C0; &#x9AC;&#x9BF;&#x9B6;&#x9CD;&#x9AC;&#x9AC;&#x9BF;&#x9A6;&#x9CD;&#x9AF;&#x9BE;&#x9B2;&#x9AF;&#x9BC;, &#x9E8;&#x9E6;&#x9E6;&#x9EF;</subfield>
  </datafield>
  <datafield tag="504" ind1=" " ind2=" ">
    <subfield code="a">&#x9A8;&#x9BF;&#x9B0;&#x9CD;&#x9AC;&#x9BE;&#x99A;&#x9BF;&#x9A4; &#x997;&#x9CD;&#x9B0;&#x9A8;&#x9CD;&#x9A5; &#x993; &#x9A8;&#x9BF;&#x9AC;&#x9A8;&#x9CD;&#x9A7;&#x9AA;&#x99E;&#x9CD;&#x99C;&#x9BF; : &#x9AA;&#x9BE;&#x9A4;&#x9BE; &#x9E9;&#x9E8;&#x9EF;-&#x9E9;&#x9E9;&#x9EF;</subfield>
  </datafield>
  <datafield tag="600" ind1=" " ind2=" ">
    <subfield code="a">	</subfield>
    <subfield code="c">	</subfield>
    <subfield code="d">	</subfield>
    <subfield code="x">	</subfield>
    <subfield code="y">	</subfield>
    <subfield code="9">244718</subfield>
  </datafield>
  <datafield tag="650" ind1=" " ind2=" ">
    <subfield code="a">&#x99A;&#x9BE;&#x9B0;&#x9C1;&#x995;&#x9B2;&#x9BE;  </subfield>
    <subfield code="x">&#x985;&#x9A7;&#x9CD;&#x9AF;&#x9AF;&#x9BC;&#x9A8; &#x98F;&#x9AC;&#x982; &#x9AA;&#x9BE;&#x9A0;&#x9A6;&#x9BE;&#x9A8; (&#x9AA;&#x9CD;&#x9B0;&#x9BE;&#x9A5;&#x9AE;&#x9BF;&#x995;)</subfield>
    <subfield code="z">&#x9AC;&#x9BE;&#x9CE;&#x9B2;&#x9BE;&#x9A6;&#x9C7;&#x9B6;</subfield>
    <subfield code="9">244648</subfield>
  </datafield>
  <datafield tag="650" ind1=" " ind2=" ">
    <subfield code="a">Fine arts</subfield>
    <subfield code="x">Study and teaching (Elementary) </subfield>
    <subfield code="z">Bangladesh</subfield>
    <subfield code="9">244649</subfield>
  </datafield>
  <datafield tag="650" ind1=" " ind2=" ">
    <subfield code="a">&#x99A;&#x9BE;&#x9B0;&#x9C1;&#x995;&#x9B2;&#x9BE;  </subfield>
    <subfield code="x">&#x985;&#x9A7;&#x9CD;&#x9AF;&#x9AF;&#x9BC;&#x9A8; &#x98F;&#x9AC;&#x982; &#x9B6;&#x9BF;&#x995;&#x9CD;&#x9B7;&#x9BE;&#x9A6;&#x9BE;&#x9A8; (&#x989;&#x99A;&#x9CD;&#x99A;&#x9A4;&#x9B0;) </subfield>
    <subfield code="z">&#x9AC;&#x9BE;&#x9CE;&#x9B2;&#x9BE;&#x9A6;&#x9C7;&#x9B6;</subfield>
    <subfield code="9">244665</subfield>
  </datafield>
  <datafield tag="650" ind1=" " ind2=" ">
    <subfield code="a">&#x9B6;&#x9BF;&#x995;&#x9CD;&#x9B7;&#x9BE;&#x9AF;&#x9BC; &#x99A;&#x9BE;&#x9B0;&#x9C1;&#x995;&#x9B2;&#x9BE;  </subfield>
    <subfield code="9">148209</subfield>
  </datafield>
  <datafield tag="650" ind1=" " ind2=" ">
    <subfield code="a">Art In Education</subfield>
    <subfield code="9">244666</subfield>
  </datafield>
  <datafield tag="650" ind1=" " ind2=" ">
    <subfield code="a">Fine arts</subfield>
    <subfield code="x">Study and teaching (Higher)</subfield>
    <subfield code="z">Bangladesh</subfield>
    <subfield code="9">244667</subfield>
  </datafield>
  <datafield tag="700" ind1=" " ind2=" ">
    <subfield code="a">&#x9AC;&#x9C7;&#x997;&#x9AE;, &#x9AC;&#x9BF;&#x9B2;&#x995;&#x9BF;&#x9B8;, &#x9A4;&#x9A4;&#x9CD;&#x9A4;&#x9CD;&#x9AC;&#x9BE;&#x9AC;&#x9A7;&#x9BE;&#x9AF;&#x9BC;&#x995;</subfield>
    <subfield code="9">244650</subfield>
  </datafield>
  <datafield tag="942" ind1=" " ind2=" ">
    <subfield code="2">ddc</subfield>
    <subfield code="c">THE</subfield>
  </datafield>
  <datafield tag="999" ind1=" " ind2=" ">
    <subfield code="c">77911</subfield>
    <subfield code="d">77911</subfield>
  </datafield>
  <datafield tag="952" ind1=" " ind2=" ">
    <subfield code="0">0</subfield>
    <subfield code="1">0</subfield>
    <subfield code="2">ddc</subfield>
    <subfield code="4">0</subfield>
    <subfield code="7">1</subfield>
    <subfield code="8">THESES</subfield>
    <subfield code="a">RUCL</subfield>
    <subfield code="b">RUCL</subfield>
    <subfield code="c">Doc/The</subfield>
    <subfield code="d">2010-04-08</subfield>
    <subfield code="e">Controller of Exam. R.U</subfield>
    <subfield code="l">0</subfield>
    <subfield code="o">BTHE 700.07105492 TAB 2009</subfield>
    <subfield code="r">2021-02-09 00:00:00</subfield>
    <subfield code="t">C-1</subfield>
    <subfield code="w">2021-02-09</subfield>
    <subfield code="y">THE</subfield>
  </datafield>
</record>
